Peter Pan / (Record no. 4726)

MARC details
000 -LEADER
fixed length control field 00750nam a22002297a 4500
001 - CONTROL NUMBER
control field 4726
003 - CONTROL NUMBER IDENTIFIER
control field FISKH
005 - DATE AND TIME OF LATEST TRANSACTION
control field 20240926111841.0
008 - FIXED-LENGTH DATA ELEMENTS--GENERAL INFORMATION
fixed length control field 240926b cb ||||| |||| 00| 0 eng d
040 ## - CATALOGING SOURCE
Original cataloging agency FISKH
Language of cataloging eng
Transcribing agency FISKH
Modifying agency FISKH
050 ## - LIBRARY OF CONGRESS CALL NUMBER
Classification number PZ7.B27539
082 ## - DEWEY DECIMAL CLASSIFICATION NUMBER
Classification number 823.912
100 ## - MAIN ENTRY--PERSONAL NAME
Personal name Barrie, J. M.
245 ## - TITLE STATEMENT
Title Peter Pan /
Statement of responsibility, etc. J. M. Barrie ; Illustrated Chaudia Venturini
260 ## - PUBLICATION, DISTRIBUTION, ETC.
Place of publication, distribution, etc. Essex :
Name of publisher, distributor, etc. Miles Kelly,
Date of publication, distribution, etc. 2016.
300 ## - PHYSICAL DESCRIPTION
Extent 320 pages :
Other physical details color illustrations ;
Dimensions 17 cm
520 ## - SUMMARY, ETC.
Summary, etc. The adventures of the three Darling children in Never-Never Land with Peter Pan, the boy who would not grow up.
650 ## - SUBJECT ADDED ENTRY--TOPICAL TERM
Topical term or geographic name entry element Fantasy
Form subdivision Adventure
General subdivision Pirates
700 ## - ADDED ENTRY--PERSONAL NAME
Personal name Venturini, Chaudia
Relator term Illustrator
942 ## - ADDED ENTRY ELEMENTS (KOHA)
Source of classification or shelving scheme Dewey Decimal Classification
Koha item type Books
Suppress in OPAC No
Holdings
Withdrawn status Lost status Source of classification or shelving scheme Damaged status Not for loan Collection Home library Current library Shelving location Date acquired Total Checkouts Full call number Barcode Date last seen Price effective from Koha item type
    Dewey Decimal Classification     Juvenile Fiction Footprints International School Library Network Toul Kork Campus Footprints International School Library Network Toul Kork Campus A TK Campus, 4th Floor, Room B401, Fiction Bookcases (1-6) 09/26/2024   BAR 823.912 PZ7.B27539 2024-2091 09/26/2024 09/26/2024 Books